Cykloturistika ...

Bibliographic Details
Main Authors: Martiš, Ján (Author, Compiler), Bilský, Vojtech (Author), Pupiš, Jozef (Author), Štefko, Jozef (Author), Hučala, Emanuel (Author), Javorka, Jozef (Author), Říha, Jiří (Author)
Format: Journal
Language:Slovak
PhysicalDescription:zv. 21 cm
Published: Bratislava Šport ?1989-?
Subjects:

MARC

LEADER 00000cas a2200000 a 4500
001 vtls001081459
003 SK-MaSNL
005 20260228160411.0
008 180815u19899999xo ar|p ry 0 0b0slo
015 |a SNBA1989/07 
035 |a SNK000024297 
040 |a SNK  |b slo  |c SNK  |e AACR2 
041 0 |a slo 
044 |a xo  |c SK 
080 |a 796  |2 2011 
080 |a 050  |2 2001 
245 0 0 |a Cykloturistika ... 
260 |a Bratislava  |b Šport  |c ?1989-? 
300 |a zv.  |c 21 cm 
500 |a Autori: Ján Martiš, Vojtech Bilský, Jozef Pupiš, Jozef Štefko, Emanuel Hučala, Jozef Javorka, Jiří Říha, Ján Martiš, Ján Martiš, Ľubomír Čeman 
546 |a Text aj v češ. 
650 0 7 |a cykloturistika  |2 SNKPH  |9 3264 
655 7 |a ročenky  |2 SNKPH  |9 57146 
700 1 |a Martiš, Ján  |4 aut  |9 266564 
700 1 |a Bilský, Vojtech  |4 aut  |9 266565 
700 1 |a Pupiš, Jozef  |4 aut  |9 266566 
700 1 |a Štefko, Jozef  |4 aut  |9 266567 
700 1 |a Hučala, Emanuel  |4 aut  |9 266568 
700 1 |a Javorka, Jozef  |4 aut  |9 266569 
700 1 |a Říha, Jiří  |4 aut  |9 266570 
700 1 |a Martiš, Ján  |4 com  |9 266564 
850 |a Slovenská národná knižnica v Martine 
910 |a snk 
958 |a OND 
999 |c 2374  |d 4304 
952 |0 0  |1 0  |4 0  |7 0  |8 5  |a SNK  |b SNK  |d 2003-01-28  |i snkF 11/2003  |l 0  |o snkČSB 2676/1989 D1  |p 17A0372178  |r 2004-12-31 00:00:00  |w 2026-02-21  |y PREZ